000 00499nam a2200217Ia 4500
003 0100
008 130307s9999 xx 000 0 und d
020 _a0631231137
040 _cARRUPELIB
050 _aBJ1531. V57 2002
245 _aVirtue ethics
260 _aOxford
260 _bBlackwell Publishing
260 _c2002
300 _avii
300 _b261p. 23cm
440 _aBlackwell readings in philosophy
650 _aETHICS
700 _aDarwall, Stephen (ed.)
942 0 0 _02
999 _c93909
_d93909